000 00410nam a2200157Ia 4500
008 210716s1997 xx 000 0 und d
020 _a9814066249
041 _aeng
082 _a005.453 MUCS
100 _aMuchnick, Steven S.
245 _aAdvanced compiler design and implementation.
250 _a1
260 _aNew Delhi
_bMorgan Kaufmann
_c1997
300 _axxix,856
650 _aCompilers(005.453)
999 _c184077
_d184077